Bias-motivated physical assaults among transgender, genderqueer, and cisgender sexual minority youth

Saved in:  
Bibliographic Details
Authors: Ratliff, G.A. (Author) ; Sterzing, Paul 1901- (Author)
Format: Electronic Article
Language:English
Published: Society for Social Work and Research 2018
In:Enthalten in: Society for Social Work and Research 2018 Annual Conference
Online Access: Volltext (lizenzpflichtig)
Check availability: HBZ Gateway
Keywords:

MARC

LEADER 00000caa a22000002c 4500
001 1912467941
003 DE-627
005 20250114054938.0
007 cr uuu---uuuuu
008 241217s2018 xx |||||o 00| ||eng c
035 |a (DE-627)1912467941 
035 |a (DE-599)KXP1912467941 
040 |a DE-627  |b ger  |c DE-627  |e rda 
041 |a eng 
084 |a 2,1  |2 ssgn 
100 1 |a Ratliff, G.A.  |e VerfasserIn  |4 aut 
245 1 0 |a Bias-motivated physical assaults among transgender, genderqueer, and cisgender sexual minority youth 
264 1 |b Society for Social Work and Research  |c 2018 
336 |a Text  |b txt  |2 rdacontent 
337 |a Computermedien  |b c  |2 rdamedia 
338 |a Online-Ressource  |b cr  |2 rdacarrier 
655 4 |a Konferenzschrift ; 2018 ; Washington, DC 
700 1 |a Sterzing, Paul  |d 1901-  |e VerfasserIn  |0 (DE-588)130529273  |0 (DE-627)707511739  |0 (DE-576)298250977  |4 aut 
773 0 8 |i Enthalten in  |t Society for Social Work and Research 2018 Annual Conference 
787 0 8 |i Forschungsdaten  |a Sterzing, Paul  |t SpeakOut: Polyvictimization Prevalence Rates for Sexual and Gender Minority Adolescents - Online, 2015 (United States)  |d [Erscheinungsort nicht ermittelbar] : [Verlag nicht ermittelbar], 2018  |w (DE-627)1840042273 
856 4 0 |u https://sswr.confex.com/sswr/2018/webprogram/Paper32920.html  |x Verlag  |z lizenzpflichtig  |3 Volltext  |7 1 
935 |a mkri 
951 |a AR 
ELC |a 1 
LOK |0 000 xxxxxcx a22 zn 4500 
LOK |0 001 4637433436 
LOK |0 003 DE-627 
LOK |0 004 1912467941 
LOK |0 005 20241217044201 
LOK |0 008 241217||||||||||||||||ger||||||| 
LOK |0 035   |a (DE-2619)ICPSR157806 
LOK |0 040   |a DE-2619  |c DE-627  |d DE-2619 
LOK |0 092   |o n 
LOK |0 852   |a DE-2619 
LOK |0 852 1  |9 00 
LOK |0 935   |a uvkn  |a nacp 
LOK |0 939   |a 17-12-24  |b l01 
ORI |a SA-MARC-krimdoka001.raw